| Tag |
First Indicator |
Second Indicator |
Subfields |
| LEADER |
00000cam a22000001 4500 |
| 001 |
in00002000694 |
| 005 |
20170407140724.0 |
| 008 |
700729s1968 nyu p 000 0 eng |
| 010 |
|
|
|a 68005656
|
| 035 |
|
|
|a (OCoLC)ocm00296642
|
| 040 |
|
|
|a DLC
|c DLC
|d UtOrBLW
|
| 041 |
0 |
|
|a eng
|a fre
|
| 049 |
|
|
|a TXAM
|
| 050 |
0 |
0 |
|a PC2112.5
|b .S33
|
| 100 |
1 |
|
|a Sandberg, Karl C.
|
| 245 |
1 |
0 |
|a French for reading ;
|b a programmed approach for graduate degree language requirements /
|c [by] Karl C. Sandberg [and] Eddison C. Tatham.
|
| 264 |
|
1 |
|a New York :
|b Appleton-Century-Crofts,
|c [1968]
|
| 300 |
|
|
|a xviii, 526 pages ;
|c 24 cm.
|
| 336 |
|
|
|a text
|b txt
|2 rdacontent
|
| 337 |
|
|
|a unmediated
|b n
|2 rdamedia
|
| 338 |
|
|
|a volume
|b nc
|2 rdacarrier
|
| 536 |
|
|
|a A Gift from the estate of Dwayne Elliott May Class of '68 April 2002.
|
| 650 |
|
0 |
|a French language
|v Programmed instruction.
|
| 700 |
1 |
|
|a Tatham, Eddison C.,
|e editor.
|
| 948 |
|
|
|a cataloged
|b h
|c 2004/10/13
|d c
|e cmulkey
|f 1:06:27 pm
|
| 994 |
|
|
|a C0
|b TXA
|
| 999 |
|
|
|a MARS
|
| 999 |
f |
f |
|s c7805538-e460-385b-bb95-51f6511d3400
|i 93130c79-a5ab-3d6a-aac2-16392c40cb79
|t 0
|
| 952 |
f |
f |
|p normal
|a Texas A&M University
|b College Station
|c Sterling C. Evans Library
|d Evans: Library Stacks
|t 0
|e PC2112.5 .S33
|h Library of Congress classification
|i unmediated -- volume
|m A14832273872
|
| 998 |
f |
f |
|a PC2112.5 .S33
|t 0
|l Evans: Library Stacks
|